• 首页
  • 本馆介绍
  • 公告通知
  • 最新文献
  • 馆藏检索
  • 电子资源
  • 读者导购
  • 参考咨询
  • 我的图书馆
  • 登录
  • 详细信息显示
  • 放入我的书架
  • 预约/预借图书
  • 作者相关作品
  • 分类相关作品
  • 丛书相关作品
  • 出版社相关作品

书目信息

  • 表格格式
  • 工作单格式
  • 卡片格式
题名:
世界古代史论丛
    
 
作者: ;东北师范大学历史系古代史教研室 , 北京大学历史系古代史教研室 编
分册: 第一集  
出版信息: 北京   三联书店  1982
页数: 244页
开本: 21cm
丛书名:
单 册:
中图分类: K12
科图分类:
主题词: 史评--世界--古代
电子资源:
ISBN:
000 00807nam0 2200241 45
001 0182007544
005 20060817112545.34
010    @dCNY0.83
091    @aCN@b11002.544(1)
100    @a19950605d1982 emky0chiy0121 ea
101 0  @achi
102    @aCN@b110000
105    @ay z 000yy
200 10 @a世界古代史论丛@Ashi jie gu dai shi lun cong@h第一集@f北京大学,东北师范大学历史系古代史教研室编
210    @a北京@c三联书店@d1982
215    @a244页@d21cm
606    @a史评@y世界@z古代
690    @aK12@v3
711 02 @a东北师范大学历史系古代史教研室@Adong bei shi fan da xue li shi xi gu dai shi jiao yan shi@4编
711 02 @a北京大学历史系古代史教研室@Abei jing da xue li shi xi gu dai shi jiao yan shi@4编
801  2 @aCN@bNLC@c20060817
801  0 @aCN@bTSSF@c20060726
905    @a10447@dK12@e126
    
    世界古代史论丛.第一集/北京大学,东北师范大学历史系古代史教研室编.-北京:三联书店,1982
    244页;21cm
    
    
    ISBN :CNY0.83
    
●
相关链接 在E读中查询图书 在五车中查询图书 在当当中查询图书 在豆瓣中查询图书


正题名:世界古代史论丛     索取号:K12/126         预约/预借

序号 登录号 条形码 馆藏地/架位号 状态 备注
1 0435660   204356605   密集书库/ [索取号:K12/126] 在馆    
2 0435663   204356632   密集书库/ [索取号:K12/126] 在馆    
3 0435664   204356641   密集书库/ [索取号:K12/126] 在馆    
4 0436422   204364222   密集书库/ [索取号:K12/126] 在馆    
5 0466273   204662739   密集书库/ [索取号:K12/126] 在馆    
6 0466274   204662748   密集书库/ [索取号:K12/126] 在馆    
唐山师范学院图书馆 欢迎您!
大连网信软件有限公司© 版权所有